|
|
|
|
| LEADER |
00854nab a2200229 i 4500 |
| 001 |
misc61582 |
| 005 |
20230123083520.0 |
| 008 |
220131s1966 hu o 0|| tur d |
| 040 |
|
|
|a SZTE Miscellanea Repozitórium
|b hun
|
| 041 |
|
|
|a tur
|
| 100 |
1 |
|
|a Eren Hasan
|
| 245 |
1 |
0 |
|a Türk yer adları
|h [elektronikus dokumentum] :
|b Sökü /
|c Eren Hasan
|
| 260 |
|
|
|a Türk Tarih Kurumu Basımevi
|b Ankara
|c 1966
|
| 300 |
|
|
|a 149-153
|c 24 cm
|
| 300 |
|
|
|a [5] p.
|c 24 cm
|
| 490 |
0 |
|
|a Türk dili araştırmaları yıllığı : belleten
|
| 561 |
|
|
|a Németh Gyula hagyaték
|
| 591 |
|
|
|a LOA 1001; XKEK 2873
|
| 650 |
|
4 |
|a Bölcsészettudományok
|
| 650 |
|
4 |
|a Nyelvek és irodalom
|
| 695 |
|
|
|a Oszmán-török nyelv - szókészlettan, Helynevek - oszmán-török - etimológia
|
| 856 |
4 |
0 |
|u http://misc.bibl.u-szeged.hu/61582/1/1527_noa_e86.pdf
|z Dokumentum-elérés
|